BIBLIOTHÈQUE DE LA MAISON DU MEXIQUE

Logo 1 Logo 2

Suma Indiana (notice nᵒ 6969)

détails MARC
000 -Sello discográfico
campo de control de longitud fija 00973nam a2200289 4500
005 - Identificación de versión
campo de control 20251016083826.0
099 ## - fechas locales
Tipo de ítem Koha LIBRO
100 ## - Datos de procesamiento general
Datos de procesamiento general 20231124d1943 m y1spay5003 ba
105 ## - Campo de datos codificados: Material textual, monográfico
Datos codificados de monografía a 001zy
200 1# - Título y mención de responsabilidad
Título propio Suma Indiana
Designación general del material texto impreso
Primer mención de responsabilidad Fray Bernardino de Sahagún
Declaración de responsabilidad subsiguiente introducción y selección Mauricio Magdaleno
210 ## - Publicación, distribución, etc.
Lugar de publicación, distribución, etc. México
Nombre del editor, distribuidor, etc. Ediciones de la Universidad Nacional Autónoma
Fecha de publicación, distribución, etc. 1943
215 ## - Descripción física
Designación de material específico y extensión del ítem 197 p
Otras características físicas il.
Dimensiones 20 cm
345 ## - Nota de información de adquisición
Fuente de adquisición/dirección de la suscripción [OBSOLETO] Donación
410 #1 - Series
Título Biblioteca del Estudiante Universitario
Número de volumen 42
606 ## - Término temático usado como materia
Elemento de entrada Aztecas
Número Koha 840
606 ## - Término temático usado como materia
Elemento de entrada Indios de México
Subdivisión temática Antigüedades
Número Koha 1579
660 ## - Código de área geográfica
Código MX
700 ## - Nombre personal - Responsabilidad primaria
Elemento de entrada Sahagún
Parte del nombre distinta del elemento de entrada Bernardino de
Fechas 1499-1590
Adiciones a los nombres que no sean fechas Fray
Número Koha 8682
702 ## - Nombre personal - Responsabilidad secundaria
Elemento de entrada Magdaleno Cardona
Parte del nombre distinta del elemento de entrada Mauricio
Fechas 1906-1986
Número Koha 486
801 #0 - Fuente de origen
País FR
Agencia cm
Reglas de catalogación (convenciones descriptivas) AFNOR
900 ## -
-- 1/22529
900 ## -
-- 7100417642\080104
942 ## - ELEMENTOS DE ENTRADA SECUNDARIOS (KOHA)
Tipo de ítem Koha Livre
996 ## -
-- MEX
-- 751145101
-- MMAG
-- 009127
-- 082.1 B820 V.42
-- 20231124LIV
Exemplaires
Estatus retirado Estado de daño Estado de pérdida Fecha de adquisición Biblioteca de origen Biblioteca actual Ubicación en estantería Código de barras Precio de reemplazo Signatura topográfica completa No para préstamo Tipo de ítem Koha Nota pública Nota no pública
      05/08/2025 Casa México Paris Casa México Paris   009127 05/08/2025 082.1 B820 V.42   Livre 20231124LIV 751145101